[Event "Chigorin Memorial 2014"]
[Site "St Petersburg RUS"]
[Date "2014.10.23"]
[Round "6.154"]
[White "Grachev, Alexey"]
[Black "Borunova, Tatiana"]
[Result "1-0"]
[WhiteElo "2065"]
[BlackElo "1629"]
[WhiteFideId "4159926"]
[BlackFideId "24173665"]
[EventDate "2014.10.18"]

1. d4 d6 2. c4 e5 3. d5 f5 4. Nc3 Nf6 5. Nf3 g6 6. g3 Bg7 7. Bg2 O-O 8. O-O h6
9. e4 g5 10. exf5 Bxf5 11. Nd2 Nbd7 12. Nde4 Nxe4 13. Nxe4 Nf6 14. Qe2 Nxe4 15.
Bxe4 Qf6 16. Bd2 Bxe4 17. Qxe4 Qf3 18. Rae1 g4 19. Re3 Qxe4 20. Rxe4 h5 21. h3
gxh3 22. Kh2 Rf3 23. Kxh3 Raf8 24. Kg2 Kh7 25. Rh4 Kg6 26. g4 hxg4 27. Rxg4+ Kh7
28. Rh1+ Kg8 29. Be3 b6 30. b4 R3f5 31. Rh3 R8f7 32. a4 Kf8 33. Rhg3 R5f6 34. a5
Kg8 35. a6 Kh7 36. Rh3+ Bh6 37. Rgh4 Rg7+ 38. Kf1 Rgg6 39. Ke2 Kg7 40. Kd3 Bxe3
41. Rh7+ Kg8 42. Rh8+ Kf7 43. R3h7+ Rg7 44. fxe3 Kg6 45. Rxg7+ Kxg7 46. Ra8 Rf1
47. Rxa7 1-0

[Event "Chigorin Memorial 2014"]
[Site "St Petersburg RUS"]
[Date "2014.10.23"]
[Round "6.155"]
[White "Kamnev, Alexander"]
[Black "Vorobyova, Valeriya"]
[Result "1/2-1/2"]
[WhiteElo "2013"]
[BlackElo "1742"]
[WhiteFideId "24176753"]
[BlackFideId "34130290"]
[EventDate "2014.10.18"]

1. e4 c5 2. Nf3 d6 3. d4 cxd4 4. Nxd4 Nf6 5. Nc3 Nc6 6. Bg5 e6 7. Qd2 Be7 8.
O-O-O a6 9. f4 Nxd4 10. Qxd4 b5 11. Bxf6 gxf6 12. Bd3 Qc7 13. f5 Qc5 14. Ne2
Qxd4 15. Nxd4 Bd7 16. Be2 h5 17. Rd3 Bf8 18. Kb1 h4 19. Rh3 Bg7 20. Bd3 Ke7 21.
Nf3 Rag8 22. Rxh4 Bh6 23. Rg1 Be3 24. Rxh8 Rxh8 25. Re1 Bc5 26. g3 Kf8 27. Kc1
Rh5 28. Nh4 Bf2 29. Re2 Bg1 30. Kd2 Bc6 31. c4 Ke7 32. Kc3 bxc4 33. Bxc4 a5 34.
b3 Kd7 35. Nf3 Bc5 36. Nd4 d5 37. exd5 exd5 38. Bd3 Kd6 39. Nf3 Bd7 40. Nh4 Bg1
41. Nf3 Bc5 42. Nh4 Bg1 43. Kd2 d4 44. Kd1 Be3 45. Rc2 Bc6 46. Bc4 Be4 47. Rb2
Bxf5 48. Nxf5+ Rxf5 49. Bxf7 1/2-1/2

[Event "Chigorin Memorial 2014"]
[Site "St Petersburg RUS"]
[Date "2014.10.23"]
[Round "6.156"]
[White "Shakhmatov, Roman"]
[Black "Borisovsky, Dmitry"]
[Result "0-1"]
[WhiteElo "1775"]
[BlackElo "1973"]
[WhiteFideId "13706411"]
[BlackFideId "34109410"]
[EventDate "2014.10.18"]

1. e4 c5 2. Nf3 d6 3. Bb5+ Bd7 4. Bxd7+ Qxd7 5. O-O Nc6 6. c3 Nf6 7. Qe2 e6 8.
d4 cxd4 9. cxd4 d5 10. e5 Ne4 11. Be3 f5 12. Rd1 Be7 13. Ne1 O-O 14. f3 Ng5 15.
Nd3 Rac8 16. Nc3 Nf7 17. f4 Na5 18. Rac1 b6 19. Kh1 Kh8 20. h3 Nc4 21. Bf2 Nd8
22. Rg1 Nc6 23. b3 N4a5 24. g4 Ba3 25. Rcf1 Nb4 26. Be1 Nac6 27. Nb5 Nxd3 28.
Qxd3 Be7 29. Rg2 Nb4 30. Bxb4 Bxb4 31. a3 Be7 32. b4 Rc4 33. Nc3 Qc6 34. Ne2 g6
35. gxf5 Rxf5 36. Rfg1 Qe8 37. Rg4 Qf8 38. Qe3 Qc8 39. h4 Rh5 40. Qh3 Qf8 41.
R1g2 Bxh4 42. Rh2 Be7 43. Qg2 Rxh2+ 44. Qxh2 Qe8 45. Qh3 Bf8 46. Rg5 Be7 47.
Qxe6 Rc6 48. Qxd5 Bxg5 49. fxg5 Qc8 50. Qf3 Rc2 51. Kg2 Kg8 52. d5 Qc4 53. Kf1
Rd2 54. e6 Rd1+ 55. Kf2 Qh4+ 56. Ke3 Qxg5+ 57. Kf2 Qh4+ 58. Ke3 Qg5+ 59. Kf2 Qf5
60. Qxf5 gxf5 61. Nf4 Kf8 62. Ke2 Rd4 63. Ke3 Re4+ 64. Kf3 Ke7 65. Nh5 Re5 66.
Nf4 Kd6 67. Kg3 Re4 68. Nh5 Kxd5 0-1

[Event "Chigorin Memorial 2014"]
[Site "St Petersburg RUS"]
[Date "2014.10.23"]
[Round "6.157"]
[White "Gantsevich, Aleksey A."]
[Black "Kantyshev, Nikita"]
[Result "0-1"]
[WhiteElo "1766"]
[BlackElo "1957"]
[WhiteFideId "24195863"]
[BlackFideId "4186737"]
[EventDate "2014.10.18"]

1. e4 e5 2. Nf3 Nc6 3. Bb5 d6 4. d4 exd4 5. Nxd4 Bd7 6. O-O g6 7. Nc3 Bg7 8. Be3
Nge7 9. Bxc6 bxc6 10. Nf3 O-O 11. Bd4 f6 12. h3 c5 13. Be3 Rb8 14. Rb1 Bc6 15.
Nd5 Qd7 16. c4 Rfe8 17. Qd2 f5 18. Bg5 fxe4 19. Nxe7+ Rxe7 20. Bxe7 Qxe7 21. Nh2
h5 22. Kh1 Qh4 23. Qe2 Be5 24. Qe3 Kh7 25. b3 Bd4 26. Qg3 Qf6 27. f4 Re8 28.
Rbe1 e3 29. Nf3 e2 30. Ng5+ Kh6 31. Rf2 Bxf2 32. Qxf2 Qd4 33. Qg3 Re3 34. Qh4
Rd3 35. Nf7+ Kg7 36. Qe7 Rxh3# 0-1

[Event "Chigorin Memorial 2014"]
[Site "St Petersburg RUS"]
[Date "2014.10.23"]
[Round "6.158"]
[White "Hefner, Felix"]
[Black "Akopian, Agasi"]
[Result "1-0"]
[WhiteElo "1938"]
[BlackElo "1543"]
[WhiteFideId "12910651"]
[BlackFideId "34136271"]
[EventDate "2014.10.18"]

1. d4 Nf6 2. c4 c5 3. d5 b5 4. cxb5 a6 5. bxa6 g6 6. Nc3 Bxa6 7. g3 Bg7 8. Bg2
d6 9. Nf3 O-O 10. O-O Nbd7 11. Rb1 Qb6 12. b3 Rfb8 13. h3 Qb4 14. Bd2 Ne4 15.
Nxe4 Qxe4 16. Re1 c4 17. Be3 Re8 18. Nd4 Qe5 19. Nc6 Qf5 20. bxc4 Bxc4 21. Rb7 1-0

[Event "Chigorin Memorial 2014"]
[Site "St Petersburg RUS"]
[Date "2014.10.23"]
[Round "6.159"]
[White "Bodnaruk, Svyatoslav"]
[Black "Glazov, Anatoly"]
[Result "0-1"]
[WhiteElo "1633"]
[BlackElo "1887"]
[WhiteFideId "34171212"]
[BlackFideId "4192281"]
[EventDate "2014.10.18"]

1. e4 e5 2. Nf3 Nc6 3. Bc4 Bc5 4. Nc3 Nf6 5. a3 O-O 6. d3 d6 7. Bg5 h6 8. Bh4
Bg4 9. Qd2 Bxf3 10. gxf3 Nd4 11. Qd1 c6 12. Rg1 b5 13. Ba2 a5 14. Rg3 d5 15.
exd5 Nf5 16. Bxf6 Qxf6 17. Rg1 cxd5 18. Bxd5 Rad8 19. Qd2 Qb6 20. Rg2 Bd4 21.
Be4 Ne7 22. f4 f5 23. Bf3 e4 24. dxe4 fxe4 25. Bxe4 b4 26. axb4 Qxb4 27. Ra4 Qb6
28. Nd5 Nxd5 29. Rxd4 Nxf4 30. Bd5+ Rxd5 31. Rxd5 Nxg2+ 32. Kd1 Qxb2 33. Rxa5
Qb1+ 34. Ke2 Nf4+ 35. Ke3 Qb6+ 36. Ke4 Qg6+ 37. Ke3 Qe6+ 38. Kf3 Nd3+ 39. Kg3
Qg6+ 40. Kh3 Nxf2+ 0-1

[Event "Chigorin Memorial 2014"]
[Site "St Petersburg RUS"]
[Date "2014.10.23"]
[Round "6.161"]
[White "Zhemchuzhina, Elizaveta"]
[Black "Gorin, Alexandr1"]
[Result "0-1"]
[WhiteElo "1810"]
[BlackElo "2000"]
[WhiteFideId "34106607"]
[BlackFideId "4190378"]
[EventDate "2014.10.18"]

1. d4 g6 2. c4 Bg7 3. e4 d6 4. Nc3 Nc6 5. d5 Nb8 6. f4 c5 7. Nf3 Bg4 8. Be2 Nd7
9. Be3 Ngf6 10. Ng5 Bxe2 11. Qxe2 O-O 12. O-O a6 13. h3 b5 14. cxb5 axb5 15.
Qxb5 Rb8 16. Qe2 Qb6 17. Rab1 Nh5 18. g4 Ng3 19. Qc2 Nxf1 20. Kxf1 Bd4 21. Bd2
Qa6+ 22. Kg2 Nb6 23. b3 Rfc8 24. Rc1 Ra8 25. a4 c4 26. Nb5 cxb3 27. Qxb3 Bg7 28.
a5 Nc4 29. Be3 Nxe3+ 30. Qxe3 Rab8 0-1

[Event "Chigorin Memorial 2014"]
[Site "St Petersburg RUS"]
[Date "2014.10.23"]
[Round "6.162"]
[White "Shemenko, Georgy"]
[Black "Smiyan, Vladimir"]
[Result "0-1"]
[WhiteElo "1803"]
[BlackElo "1994"]
[WhiteFideId "34112879"]
[BlackFideId "14129248"]
[EventDate "2014.10.18"]

1. e4 c6 2. d4 d5 3. Nc3 dxe4 4. Nxe4 Nf6 5. Ng3 e6 6. Nf3 Be7 7. Qd3 Nbd7 8.
Bd2 b6 9. O-O-O Bb7 10. Be2 Qc7 11. Ne4 Rd8 12. Bg5 c5 13. Bxf6 Nxf6 14. Nxf6+
Bxf6 15. Qe3 Bxf3 16. Bxf3 Rxd4 17. Rxd4 Bxd4 18. Qe2 O-O 19. g3 c4 20. Rd1 Qc5
21. Qe4 Bxf2 22. Rd7 a5 23. Be2 c3 24. Bc4 Be3+ 25. Kd1 cxb2 26. c3 Qxc4 27.
Qxc4 b1=Q+ 28. Ke2 Bc5 0-1

[Event "Chigorin Memorial 2014"]
[Site "St Petersburg RUS"]
[Date "2014.10.23"]
[Round "6.163"]
[White "Gutkind, Kedem"]
[Black "Shapianov, Adam"]
[Result "1-0"]
[WhiteElo "1993"]
[BlackElo "1807"]
[WhiteFideId "1046519"]
[BlackFideId "34137030"]
[EventDate "2014.10.18"]

1. e4 c5 2. Nf3 d6 3. d4 cxd4 4. Nxd4 Nf6 5. Nc3 a6 6. Bg5 e6 7. f4 Be7 8. Qf3
Qc7 9. O-O-O O-O 10. g4 Nc6 11. Nde2 b5 12. Rg1 b4 13. Nb1 Bb7 14. Bxf6 Bxf6 15.
g5 Be7 16. Ng3 Rfc8 17. Bd3 b3 18. Nc3 bxa2 19. Nxa2 Nd4 20. Qf2 Nb3+ 21. Kb1
Nc5 22. Nc3 Nxd3 23. cxd3 Qc5 24. Qxc5 Rxc5 25. d4 Rc4 26. d5 g6 27. h4 Rac8 28.
h5 R8c5 29. hxg6 hxg6 30. dxe6 fxe6 31. Rh1 Bf8 32. Rhf1 Bc8 33. Rf2 Rb4 34.
Nce2 Rb3 35. Nf1 Bb7 36. Nd2 Rd3 37. Nc3 Bg7 38. Kc2 Re3 39. e5 d5 40. Nf1 Rh3
41. Rd4 Bf8 42. Nd2 Kf7 43. Nb3 Rc4 44. Rfd2 Rc7 45. Ra4 Ke8 46. Kb1 Rf3 47. Ka2
Bc6 48. Rxa6 Rxf4 49. Nd4 Kd7 50. Nce2 Re4 51. Rc2 Rxe5 52. Nxc6 Rxc6 53. Raxc6
Rxe2 54. Rxe2 Kxc6 55. Rxe6+ Kd7 56. Rxg6 1-0

[Event "Chigorin Memorial 2014"]
[Site "St Petersburg RUS"]
[Date "2014.10.23"]
[Round "6.164"]
[White "Aksenova, Maria"]
[Black "Bezstrakhov, Dmitry"]
[Result "1/2-1/2"]
[WhiteElo "1777"]
[BlackElo "1987"]
[WhiteFideId "24173312"]
[BlackFideId "34183768"]
[EventDate "2014.10.18"]

1. d4 Nf6 2. Nf3 e6 3. c4 d5 4. Nc3 c6 5. e3 Nbd7 6. Qc2 Bd6 7. Bd3 dxc4 8. Bxc4
O-O 9. O-O e5 10. Ne4 Nxe4 11. Qxe4 Nf6 12. Qc2 e4 13. Ne5 Qe7 14. f4 exf3 15.
Nxf3 Bg4 16. Ng5 h6 17. Rxf6 hxg5 18. Rh6 gxh6 19. Qg6+ Kh8 20. Qxh6+ Kg8 21.
Qg6+ Kh8 22. Qh6+ Kg8 23. Qg6+ Kh8 24. Qh6+ Kg8 25. Qg6+ Kh8 1/2-1/2

[Event "Chigorin Memorial 2014"]
[Site "St Petersburg RUS"]
[Date "2014.10.23"]
[Round "6.165"]
[White "Bezhenar, Georgy"]
[Black "Lyubokhiner, Leonid M."]
[Result "1-0"]
[WhiteElo "1969"]
[BlackElo "1709"]
[WhiteFideId "24137669"]
[BlackFideId "4183665"]
[EventDate "2014.10.18"]

1. d4 d5 2. c4 e6 3. Nc3 Nf6 4. cxd5 exd5 5. Bg5 c6 6. Qc2 h6 7. Bh4 Be7 8. e3
O-O 9. Bd3 Re8 10. f3 Nbd7 11. Nge2 Nb6 12. O-O c5 13. Bf2 c4 14. Bf5 Bxf5 15.
Qxf5 Qd7 16. Qc2 Bd6 17. h3 Nc8 18. e4 Bf8 19. e5 Nh7 20. f4 Ne7 21. Ng3 b5 22.
Be3 b4 23. Nce2 b3 24. axb3 cxb3 25. Qxb3 Nf5 26. Nxf5 Qxf5 27. Qxd5 Qd3 28. Qf3
Nf6 29. Nc1 Qe4 30. Qxe4 Nxe4 31. Rf3 Rec8 32. Nd3 Be7 33. d5 Bc5 34. Bxc5 Nxc5
35. Nxc5 Rxc5 36. d6 Rb5 37. b3 a5 38. Rc1 Kf8 39. Rd3 Ke8 40. Rc7 Rb4 41. g3
Rab8 42. Re7+ Kf8 43. Ra7 Ke8 44. f5 Rxb3 45. Rxb3 Rxb3 46. e6 Rb8 47. Rxf7 1-0

[Event "Chigorin Memorial 2014"]
[Site "St Petersburg RUS"]
[Date "2014.10.23"]
[Round "6.166"]
[White "Mihailov, Dimitri"]
[Black "Ladzin, Ivan"]
[Result "1-0"]
[WhiteElo "1765"]
[BlackElo "1961"]
[WhiteFideId "13901273"]
[BlackFideId "24192899"]
[EventDate "2014.10.18"]

1. b4 e6 2. Bb2 Nf6 3. b5 c5 4. e3 d5 5. Nf3 Nbd7 6. Be2 Bd6 7. c4 b6 8. d4 Bb7
9. O-O O-O 10. Nbd2 Re8 11. Ne5 Qc7 12. f4 Rad8 13. a4 cxd4 14. exd4 Bb4 15. Rc1
Qd6 16. cxd5 Bxd2 17. Qxd2 Ne4 18. Qe3 Nxe5 19. fxe5 Qxd5 20. Bf3 Qa2 21. Rc2
Rc8 22. Re2 Qxa4 23. Bxe4 Bxe4 24. Qxe4 Qxb5 25. Rc2 Rb8 26. Ba3 Qd7 27. Rfc1
Rbc8 28. Bd6 Rxc2 29. Qxc2 f6 30. Qc4 Rd8 31. Qa6 Qf7 32. Rc8 Re8 33. h3 h6 34.
Rc7 Qg6 35. Qxa7 f5 36. Qxb6 Ra8 37. Qb2 Qg3 38. Rc1 Qe3+ 39. Kh1 Qg3 40. Rb1
Rc8 41. Qa2 Qg6 42. Rb8 Rxb8 43. Bxb8 f4 44. Bd6 Kh7 45. Qf2 Qe4 46. Bc5 g5 47.
Qf3 Qb1+ 48. Kh2 Kg6 49. d5 Qe1 50. d6 Qxe5 51. d7 1-0

[Event "Chigorin Memorial 2014"]
[Site "St Petersburg RUS"]
[Date "2014.10.23"]
[Round "6.167"]
[White "Bajaramov, Elvin"]
[Black "Tonkoshkur, Daniil"]
[Result "1-0"]
[WhiteElo "1950"]
[BlackElo "1721"]
[WhiteFideId "24142514"]
[BlackFideId "4146310"]
[EventDate "2014.10.18"]

1. Nf3 Nf6 2. g3 d6 3. Bg2 g6 4. O-O Bg7 5. Nc3 O-O 6. d4 Nbd7 7. h3 c6 8. b4 c5
9. bxc5 dxc5 10. Rb1 cxd4 11. Nxd4 Nb6 12. Ndb5 Bf5 13. Qxd8 Rfxd8 14. Bxb7 Rab8
15. Bg2 Bxc2 16. Rb2 Bf5 17. Bf4 Rbc8 18. Nxa7 Rxc3 19. Rxb6 Nh5 20. Nc6 Re8 21.
Bd2 Rc2 22. Bb4 Bd7 23. a4 Bxc6 24. Bxc6 Rc8 25. Bd7 Bd4 26. Rb7 R8c7 27. Rxc7
Rxc7 28. Bb5 Nxg3 29. e3 Nxf1 30. exd4 Rc1 31. Bxf1 Ra1 32. Bxe7 Rxa4 33. d5 f5
34. Bb5 Rd4 35. Bc6 Kf7 36. Bc5 Rc4 37. Bb6 Ke7 38. Bc7 Kf7 39. Kg2 Rc3 40. h4
h5 41. Bb8 Ke7 42. d6+ Kd8 43. Bc7+ Kc8 44. Be8 Rd3 45. Bxg6 Rd5 46. Bxh5 Kd7
47. Bf7 1-0

[Event "Chigorin Memorial 2014"]
[Site "St Petersburg RUS"]
[Date "2014.10.23"]
[Round "6.168"]
[White "Stroganov, Anatoly"]
[Black "Evsyukov, Aleksey"]
[Result "0-1"]
[WhiteElo "1789"]
[BlackElo "1908"]
[WhiteFideId "4178955"]
[BlackFideId "24159557"]
[EventDate "2014.10.18"]

1. d4 d5 2. Nf3 e6 3. e3 Nf6 4. Bd3 c5 5. b3 cxd4 6. exd4 Nc6 7. O-O Bd7 8. Bb2
Nb4 9. Be2 Rc8 10. c3 Nc6 11. Ne5 g6 12. Nd2 Be7 13. Bd3 O-O 14. f4 a6 15. Qe2
Nh5 16. Nxd7 Qxd7 17. f5 Nf6 18. fxe6 Qxe6 19. Qxe6 fxe6 20. Rae1 Nd8 21. Nf3
Kg7 22. Ng5 Rc6 23. Nh3 Nh5 24. Rxf8 Bxf8 25. g3 Bd6 26. Ng5 Be7 27. Nf3 Nf6 28.
Nd2 Nf7 29. Bf1 Ng5 30. Bg2 h5 31. Re2 Bf8 32. h4 Nf7 33. Bh3 Ng4 34. Nf3 b5 35.
Ne1 Nfh6 36. Kg2 Kf6 37. Kf3 Bd6 38. Nd3 a5 39. Nf4 Bxf4 40. Kxf4 Kf7 41. Re1 b4
42. Rc1 Nf2 43. Bf1 Nf5 44. c4 Kf6 45. c5 Ne4 46. Bb5 Rc7 47. Rg1 Nc3 48. Bd3
Nxd4 49. Ke3 e5 50. g4 hxg4 51. Bxc3 bxc3 52. Rxg4 Nf5+ 53. Ke2 Rxc5 54. Bc2
Nd4+ 55. Kd1 e4 56. Rg1 Nxc2 57. Kxc2 d4 58. Rf1+ Ke5 59. Rg1 d3+ 60. Kc1 Kd4
61. Rxg6 Rf5 62. Rg1 Rf4 63. h5 e3 64. h6 e2 0-1

[Event "Chigorin Memorial 2014"]
[Site "St Petersburg RUS"]
[Date "2014.10.23"]
[Round "6.169"]
[White "Nuritdinov, Nizomiddin"]
[Black "Shugalei, Mikhail"]
[Result "1-0"]
[WhiteElo "1898"]
[BlackElo "1649"]
[WhiteFideId "14203820"]
[BlackFideId "34158950"]
[EventDate "2014.10.18"]

1. d4 Nf6 2. Nf3 g6 3. Bg5 Bg7 4. c3 d6 5. Nbd2 O-O 6. e4 Nbd7 7. Bd3 Re8 8. O-O
Nf8 9. Re1 Ne6 10. Be3 c5 11. Qe2 Nd7 12. Rad1 b6 13. Bb5 Qc7 14. d5 Nd8 15. Ng5
a6 16. Bd3 Ne5 17. f4 Bg4 18. Ngf3 Nxd3 19. Qxd3 e6 20. h3 Bxf3 21. Nxf3 exd5
22. Qxd5 Qb7 23. Bf2 Qxd5 24. Rxd5 Nb7 25. g4 Re7 26. Bh4 Re6 27. f5 Ree8 28. f6
Bh6 29. g5 Bf8 30. Bg3 Re6 31. Kf2 Rae8 32. Nd2 h6 33. h4 h5 34. Kf3 b5 35. a4
b4 36. Nc4 a5 37. Nb6 Rd8 38. Rdd1 Kh7 39. Nd5 Rd7 40. Re2 Nd8 41. Nb6 Rb7 42.
Nc4 bxc3 43. bxc3 Rb3 44. Rd3 Nb7 45. Red2 Re8 46. Rc2 Re6 47. e5 dxe5 48. Bxe5
Re8 49. Rd7 Nd8 50. Bc7 Rb7 51. Rxd8 Rxd8 52. Bxd8 Rd7 53. Bxa5 Rd3+ 54. Kg2 Bd6
55. Nxd6 Rxd6 56. Bc7 Rd7 57. Bb6 c4 58. a5 Rb7 59. Re2 1-0

[Event "Chigorin Memorial 2014"]
[Site "St Petersburg RUS"]
[Date "2014.10.23"]
[Round "6.170"]
[White "Gantsevich, Dmitry"]
[Black "Sakorenko, Adriana"]
[Result "1-0"]
[WhiteElo "1698"]
[BlackElo "1893"]
[WhiteFideId "24162582"]
[BlackFideId "34130249"]
[EventDate "2014.10.18"]

1. d4 Nf6 2. c4 e6 3. g3 d5 4. Bg2 Be7 5. Nc3 c6 6. Nf3 O-O 7. O-O Nbd7 8. Qc2
Nb6 9. Ne5 dxc4 10. Rd1 Nfd5 11. e4 Nc7 12. Qe2 Nb5 13. Be3 Bf6 14. a4 Nxc3 15.
bxc3 Bxe5 16. dxe5 Qc7 17. Bc5 Re8 18. Bd6 Qd8 19. a5 Nd7 20. Qxc4 Kh8 21. Bb4
Qc7 22. Bd6 Qd8 23. Bb4 Qc7 24. Bd6 Qd8 25. Rd3 f6 26. Bh3 fxe5 27. Bxe5 Qg5 28.
Bf4 Qc5 29. Qb3 Qh5 30. g4 Qf7 31. Bd6 Nf6 32. Rf3 Qg6 33. e5 Ne4 34. Rd1 Ng5
35. Rg3 Nxh3+ 36. Rxh3 Qxg4+ 37. Rg3 Qf5 38. Rdd3 Qe4 39. Rdf3 g6 40. c4 Qd4 41.
Rf7 b6 42. Qf3 Ba6 43. Qf6+ 1-0

[Event "Chigorin Memorial 2014"]
[Site "St Petersburg RUS"]
[Date "2014.10.23"]
[Round "6.171"]
[White "Kiselev, Viktor"]
[Black "Bezobrazov, Lev"]
[Result "1-0"]
[WhiteElo "1876"]
[BlackElo "1579"]
[WhiteFideId "24119075"]
[BlackFideId "4152409"]
[EventDate "2014.10.18"]

1. e4 e5 2. Nf3 Nc6 3. Bb5 a6 4. Ba4 d6 5. c3 f5 6. d3 b5 7. Bb3 f4 8. d4 Bg4 9.
Bd5 Nge7 10. Qb3 Nxd5 11. exd5 Bxf3 12. gxf3 Ne7 13. Nd2 exd4 14. cxd4 Nf5 15.
Qd3 Qe7+ 16. Ne4 g5 17. Bd2 Bg7 18. Bc3 O-O 19. Kd2 h6 20. Rae1 Qf7 21. Rhg1
Qxd5 22. Nxg5 hxg5 23. Rxg5 b4 24. Bxb4 Qxd4 25. Bc3 Qxd3+ 26. Kxd3 Kh7 27. Re7
c5 28. Rexg7+ Nxg7 29. Rxg7+ Kh6 30. Rd7 Rfd8 31. Rf7 d5 32. b3 d4 33. Bd2 Rf8
34. Rc7 Rf5 35. Ke4 Raf8 36. b4 cxb4 37. Bxb4 R8f7 38. Rc6+ Kg5 39. Rxa6 Kh4 40.
Rh6+ Rh5 41. Rxh5+ Kxh5 42. Kxd4 Rd7+ 43. Ke4 Kg5 44. a3 Rc7 45. h4+ Kxh4 46.
Kxf4 Rf7+ 47. Ke4 Kg5 48. Bd6 Kf6 49. Kd5 Rd7 50. f4 Ra7 51. Kc6 Ke6 52. Bc5 Kf5 1-0

[Event "Chigorin Memorial 2014"]
[Site "St Petersburg RUS"]
[Date "2014.10.23"]
[Round "6.172"]
[White "Pankova, Julia"]
[Black "Stasenko, Alexey"]
[Result "1/2-1/2"]
[WhiteElo "1655"]
[BlackElo "1874"]
[WhiteFideId "34103276"]
[BlackFideId "24172006"]
[EventDate "2014.10.18"]

1. e4 e6 2. d4 d5 3. Nc3 Bb4 4. e5 c5 5. Bd2 Nc6 6. Nb5 Bxd2+ 7. Qxd2 cxd4 8.
Nd6+ Kf8 9. f4 Nh6 10. Nf3 Nf5 11. Nxf5 exf5 12. Nxd4 Nxd4 13. Qxd4 Be6 14. Be2
g6 15. O-O Qb6 16. Qxb6 axb6 17. Rfd1 Ke7 18. Bf3 Rhd8 19. Rd4 Rac8 20. c3 f6
21. exf6+ Kxf6 22. Rad1 Rc5 23. c4 Ra5 24. a3 Ra4 25. cxd5 Rxd4 26. Rxd4 Rd6 27.
Kf2 h6 28. Ke3 Bf7 29. Kd3 g5 30. g3 g4 31. Bg2 h5 32. Ke3 Ke7 33. Kd3 Kd7 34.
Ke3 Kc7 35. Rc4+ Kb8 36. Kd4 Rd8 37. Rc3 Re8 38. Re3 Rxe3 39. Kxe3 Kc7 40. Kd4
Kd6 41. Kc4 Be8 42. Kd4 Bf7 43. Kc4 Be8 44. Kd4 Bf7 1/2-1/2

[Event "Chigorin Memorial 2014"]
[Site "St Petersburg RUS"]
[Date "2014.10.23"]
[Round "6.173"]
[White "Chursina, Ada"]
[Black "Nordstrom, Hakon N"]
[Result "0-1"]
[WhiteElo "1583"]
[BlackElo "1847"]
[WhiteFideId "34135283"]
[BlackFideId "1513710"]
[EventDate "2014.10.18"]

1. d4 e6 2. c4 d5 3. Nc3 c6 4. e3 f5 5. Bd3 Nf6 6. Nge2 Bd6 7. f3 O-O 8. Qc2 b6
9. Bd2 Bb7 10. O-O-O Ba6 11. cxd5 cxd5 12. Kb1 Bxd3 13. Qxd3 Nc6 14. Nb5 Be7 15.
Rc1 Qd7 16. a3 a6 17. Nbc3 b5 18. Na2 Rfb8 19. Nb4 Na5 20. Nxd5 Nxd5 21. Bxa5 b4
22. axb4 Nxb4 23. Bxb4 Rxb4 24. Rc2 Rab8 25. Nc3 Qb7 26. Nd1 Rb3 27. Qe2 a5 28.
Kc1 a4 29. Nc3 a3 30. Na2 Rxb2 31. Rxb2 Qxb2+ 32. Qxb2 Rxb2 33. Nc3 Bb4 34. Na4
Bd2+ 0-1

[Event "Chigorin Memorial 2014"]
[Site "St Petersburg RUS"]
[Date "2014.10.23"]
[Round "6.174"]
[White "Biyachuev, Minkail"]
[Black "Hyoetylae, Tapio"]
[Result "1/2-1/2"]
[WhiteElo "1527"]
[BlackElo "1840"]
[WhiteFideId "34120065"]
[BlackFideId "501026"]
[EventDate "2014.10.18"]

1. e4 g6 2. d4 Bg7 3. Nf3 d6 4. Bc4 e6 5. Nc3 Ne7 6. Be3 a6 7. Qd2 b5 8. Bd3 Nd7
9. a3 Bb7 10. O-O O-O 11. Bh6 c5 12. Bxg7 Kxg7 13. Rfe1 cxd4 14. Nxd4 Rc8 15.
Qg5 Rc5 16. Qd2 Qb6 17. b4 Rcc8 18. Nce2 Ne5 19. Rac1 Nc4 20. Bxc4 Rxc4 21. Qe3
Kg8 22. c3 Re8 23. Ng3 Qc7 24. f3 Rc8 25. Nde2 Kg7 26. Red1 d5 27. e5 Nc6 28. f4
Ne7 29. Rd4 Qb6 30. Kf1 Qc7 31. Rxc4 Qxc4 32. h4 h5 33. Kg1 Qc7 34. Nd4 Nc6 35.
Nge2 Ne7 36. Qf3 Qb6 37. Kh2 Rc4 38. g4 hxg4 39. Qxg4 Qd8 40. Qxe6 Nc6 41. Qg4 1/2-1/2

[Event "Chigorin Memorial 2014"]
[Site "St Petersburg RUS"]
[Date "2014.10.23"]
[Round "6.175"]
[White "Krasnikov, Mikhail"]
[Black "Kapitsa, Artem"]
[Result "1-0"]
[WhiteElo "1828"]
[BlackElo "1443"]
[WhiteFideId "24113140"]
[BlackFideId "44188056"]
[EventDate "2014.10.18"]

1. d4 Nf6 2. c4 d6 3. Nf3 g6 4. Nc3 Bg7 5. e4 c6 6. Be2 O-O 7. O-O Qb6 8. Qc2
Nbd7 9. h3 Re8 10. Rd1 e5 11. c5 dxc5 12. dxe5 Nxe5 13. Nxe5 Rxe5 14. Bf4 Re8
15. Na4 Qb4 16. Nxc5 Nxe4 17. Nxe4 Qxe4 18. Qxe4 Rxe4 19. Rd8+ Bf8 20. Bh6 1-0

[Event "Chigorin Memorial 2014"]
[Site "St Petersburg RUS"]
[Date "2014.10.23"]
[Round "6.177"]
[White "Sapegin, Yaroslav"]
[Black "Morozov, Boris"]
[Result "1/2-1/2"]
[WhiteElo "1587"]
[BlackElo "1805"]
[WhiteFideId "44168322"]
[BlackFideId "4129695"]
[EventDate "2014.10.18"]

1. d4 e6 2. Nf3 f5 3. Bg5 Be7 4. Bxe7 Qxe7 5. c3 d6 6. Nbd2 Nf6 7. Qc2 d5 8. e3
O-O 9. O-O-O b6 10. Ne5 c5 11. h3 Qc7 12. g4 Nbd7 13. f4 Nxe5 14. dxe5 Ne4 15.
Nxe4 fxe4 16. c4 d4 17. Bg2 d3 18. Qc3 Bb7 19. Rhf1 g6 20. g5 Kf7 21. h4 Ke7 22.
h5 Qd7 23. Rh1 Rh8 24. Rh2 Raf8 25. Rdh1 Qd8 26. b4 a6 27. Qa3 Qc8 28. bxc5 Kf7
29. hxg6+ Kxg6 30. Rh6+ Kg7 31. c6 Qxc6 32. Qe7+ Rf7 33. Rxh7+ Rxh7 34. Rxh7+
Kxh7 35. Qxf7+ Kh8 36. Qf8+ Kh7 37. Bxe4+ Qxe4 38. Qf7+ Kh8 39. Qf8+ Kh7 40.
Qf7+ Kh8 41. Qf8+ Kh7 1/2-1/2

[Event "Chigorin Memorial 2014"]
[Site "St Petersburg RUS"]
[Date "2014.10.23"]
[Round "6.178"]
[White "Panov, Konstantin"]
[Black "Sindarov, Islombek"]
[Result "1-0"]
[WhiteElo "1588"]
[BlackElo "1527"]
[WhiteFideId "34115223"]
[BlackFideId "14205475"]
[EventDate "2014.10.18"]

1. g3 e5 2. Bg2 Nf6 3. c4 d6 4. Nc3 Nc6 5. Nf3 h6 6. d3 Be6 7. O-O Be7 8. Qb3
Rb8 9. Nd2 Nd7 10. Bxc6 bxc6 11. Qa4 Rb6 12. Qxa7 Nc5 13. Qa3 d5 14. b4 Ra6 15.
Qb2 Na4 16. Nxa4 Rxa4 17. a3 Bf6 18. Qb3 Qa8 19. Bb2 O-O 20. c5 Rb8 21. Qc2 Bh3
22. Rfe1 Ra7 23. e4 d4 24. Nc4 g5 25. Qe2 Kg7 26. g4 h5 27. f3 Rh8 28. Kf2 Qc8
29. Rg1 Qe6 30. Rg3 Raa8 31. Rxh3 hxg4 32. Rxh8 Rxh8 33. Rh1 g3+ 34. Kxg3 Qh3+
35. Kf2 g4 36. fxg4 Bh4+ 37. Kg1 Bg3 38. Qg2 Bf4 39. Bxd4 exd4 40. Qxh3 Rxh3 41.
Nb2 Kg6 42. Kf2 Kg5 43. Ke2 Kxg4 44. Rg1+ Kh5 45. Rg2 Bxh2 46. Kd2 Bg3 47. Nc4
Kg4 48. Ne5+ Kf4 49. Nxc6 Kf3 50. Rxg3+ Rxg3 51. Nxd4+ Kf4 52. Ne2+ 1-0